000
00274nam a2200109Ia 4500
008
200302s9999 xx 000 0 und d
100
_a
Nigel Cross & Robin Roy
245
_a
Design Methods Manual
260
_b
The Open University Press Ltd.
260
_c
1975
300
_a
132 P.,
999
_c
541
_d
541